000 00949nas a2200277Ia 4500
001 R010/67365
003 IT-RoPAU
008 151124c99999999xx |||||||||||| ||und||
040 _aIT-RoPAU
040 _cIT-RoPAU
041 _aITALIANO
100 _aMartini Stelio
_gCodice Aut. SPICS: 4087
210 _aCINEMA NUOVO
222 _aCinema Nuovo
245 _aCINEMA NUOVO, ANNO 04-N.070/071 (10/25 NOVEMBRE 1955)
_bNatale E Luisa
250 _a1a ed.
260 _aMILANO
_bCINEMA NUOVO
_c1955
501 _bPaulus - SPICS - Società San Paolo EM (non-commercial uses only)
_cCopyright2015
300 _a8 p. [377-384]
362 _aANNO 004, N.070/071 (10/25 NOVEMBRE 1955)
500 _aInchiesta Fotodocumentario dei Protagonisti del Film di De Sica/Zavattini "Il Tetto" Due Giovani Presi Dal Popolo.
650 _aCINEMA
_vPUBBLICAZIONE PERIODICA
700 _aScheler Max
700 _gCodice Aut. SPICS: 279
942 _cCR
999 _c116102
_d116102